2025-2026 Carolina Panthers Roster - Statistics

General Stats
  • This quiz has been taken 60 times
  • The average score is 25 of 51
Answer Stats
Position Name % Correct
Quarterback Bryce Young
100%
Wide Receiver Tetairoa McMillan
98%
Wide Receiver Xavier Legette
98%
Running Back Chuba Hubbard
95%
Running Back Rico Dowdle
95%
Cornerback Jaycee Horn
93%
Wide Receiver Jimmy Horn Jr.
93%
Quarterback Andy Dalton
90%
Wide Receiver Jalen Coker
85%
Tight End Ja’Tavion Sanders
78%
Tight End Tommy Tremble
78%
Defensive Lineman Cam Jackson
73%
Defensive Lineman Derrick Brown
73%
Cornerback Mike Jackson
73%
Defensive Lineman Bobby Brown III
70%
Running Back Trevor Etienne
68%
Placekicker Ryan Fitzgerald
65%
Linebacker Bam Martin-Scott
60%
Safety Nick Scott
60%
Wide Receiver Hunter Renfrow
58%
Cornerback Chau Smith-Wade
48%
Offensive Lineman Ikem Ekwonu
48%
Long Snapper J.J. Jansen
48%
Tight End Mitchell Evans
48%
Linebacker Nic Scourton
48%
Offensive Lineman Taylor Moton
48%
Cornerback Akayleb Evans
45%
Offensive Lineman Austin Corbett
45%
Offensive Lineman Damien Lewis
45%
Safety Lathan Ransom
45%
Safety Tre’von Moehrig
43%
Offensive Lineman Cade Mays
40%
Linebacker Trevin Wallace
35%
Wide Receiver Brycen Tremayne
33%
Punter Sam Martin
33%
Tight End James Mitchell
28%
Defensive Lineman A’Shawn Robinson
25%
Linebacker D.J. Wonnum
25%
Linebacker Princely Umanmielen
25%
Defensive Lineman Tershawn Wharton
23%
Offensive Lineman Yosh Nijman
20%
Linebacker Claudin Cherelus
15%
Safety Demani Richardson
10%
Defensive Lineman Jared Harrison-Hunte
10%
Linebacker Thomas Incoom
8%
Linebacker Trevis Gipson
8%
Linebacker Krys Barnes
5%
Defensive Lineman Labryan Ray
5%
Offensive Lineman Nick Samac
5%
Linebacker Maema Njongmeta
0%
Cornerback Robert Rochell
0%
No matching quizzes found
Score Distribution
Percent of People with Each Score
Percentile by Number Answered
Your Score History
You have not taken this quiz